| 000 | 01893cam a2200505 4500 | ||
|---|---|---|---|
| 003 | PE-LiUPU | ||
| 005 | 20250731165651.0 | ||
| 020 | _a8449403642 | ||
| 035 | _a(Sirsi) i9788449403644 | ||
| 035 | _a(Sirsi) 20588 | ||
| 035 | _a(Sirsi) 20588 | ||
| 041 | _aes | ||
| 044 | _aes | ||
| 082 | 0 | 4 |
_a651.3741e _bG84 1 |
| 245 |
_aEnciclopedia de la secretaria / _n1 _pLa secretaria y la empresa _c[dirección de la obra, M.V. Lahoz] _n1. |
||
| 264 | 1 |
_aBarcelona : _bOcéano Grupo Editorial, _c[1996] |
|
| 300 |
_a228 páginas : _bilustraciones ; _c26 cm. |
||
| 505 | 0 | _aLa persona -- Formación y promoción profesional -- La organización del trabajo -- Condiciones funcionales de trabajo -- La empresa -- Gestión. | |
| 526 | _aSEG44 | ||
| 526 | _aSEG26 | ||
| 526 | _aP151 | ||
| 526 | _aP150 | ||
| 526 | _aP149 | ||
| 526 | _aP146 | ||
| 526 | _aP145 | ||
| 526 | _aP126 | ||
| 526 | _aP125 | ||
| 526 | _aP92 | ||
| 526 | _aP75 | ||
| 526 | _aP74 | ||
| 526 | _aP27 | ||
| 526 | _aP15 | ||
| 650 | 1 | 4 |
_aTrabajo de oficina _vEnciclopedias |
| 700 | 1 |
_aLahoz, M. V. _edir. |
|
| 942 |
_2ddc _cBOOK |
||
| 949 |
_a651.3741e G84 1 _i44248 _lRC _mBUL _tLIBRO _o.STAFF. RC |
||
| 949 |
_a651.3741e G841 _i43495 _lRC _mBUL _tLIBRO _o.STAFF. RC |
||
| 859 |
_q44248 _h651.3741e _iG84 1 |
||
| 859 |
_q43495 _h651.3741e _iG841 |
||
| 910 | _aaj-op | ||
| 596 | _a1 | ||
| 999 |
_aRC 651.3741E G84 1 _wDEWEY _c61466 _i44248 _f2021-11-8 _g6 _lRCG _mBUL _r1 _sN _tBOOK _u2015-6-16 _xBIBLIOTECA _zUNKNOWN _0COMPRA _o.CIRCNOTE. No olvidar cambiar la fecha de devolución!!!!!!! _o.STAFF. Colección General _d61466 |
||
| 999 |
_aRC 651.3741E G84 1 _wDEWEY _c2 _i43495 _f2021-11-8 _g7 _lRCG _mBUL _r1 _sN _tBOOK _u2015-6-16 _xBIBLIOTECA _zUNKNOWN _0COMPRA _o.CIRCNOTE. No olvidar cambiar la fecha de devolución!!!!!!! _o.STAFF. Colección General |
||
| 980 |
_81 _gALBERTO SANCHEZ Responsable de Automatización |
||